The goldfish and its systematic culture with a view to profit. : A practical treatise on the fish, its propagation, enemies, diseases, and care of the fish in captivity ... /

Bibliographic Details
Main Author: Mulertt, Hugo
Format: Book
Language:English
Published: Cincinnati : [McDonald & Eick, print.], 1883.
Subjects:

MARC

Tag First Indicator Second Indicator Subfields
LEADER 00000cam a2200000 4500
001 in00000040358
005 20151007072442.0
008 750917s1883 ohua 00010 eng
010 |a  06017119  
035 |a (OCoLC)01631734 
035 |9 AAE7904AM 
040 |a DLC  |c FQG  |d TXA  |d UtOrBLW 
049 |a TXAM  |c [140245] 
050 0 0 |a SH167.G6  |b M92 
092 |a 597.55  |b M954g 
100 1 |a Mulertt, Hugo. 
245 1 4 |a The goldfish and its systematic culture with a view to profit. :  |b A practical treatise on the fish, its propagation, enemies, diseases, and care of the fish in captivity ... /  |c by Hugo Mulertt ... 
264 1 |a Cincinnati :  |b [McDonald & Eick, print.],  |c 1883. 
300 |a 1 page ., viii, 3-108 pages :  |b color frontispiece, illustrations ;  |c 21 cm. 
336 |a text  |b txt  |2 rdacontent 
337 |a unmediated  |b n  |2 rdamedia 
338 |a volume  |b nc  |2 rdacarrier 
650 0 |a Goldfish. 
999 |a MARS 
999 f f |s b3a13f5e-ac32-36f0-a8ef-d40022fd7bd3  |i 24e16774-4015-3733-be0b-cf60c7af1489  |t 0 
952 f f |p ric  |a Texas A&M University  |b Rellis Campus  |c Joint Library Facility  |d Remote Storage  |t 0  |e SH167.G6 M92  |h Library of Congress classification  |i unmediated -- volume  |m A14801019481 
998 f f |a SH167.G6 M92  |t 0  |l Remote Storage